000
00219 a2200097 4500
001
1109
100
_a
Perrine,J.O
245
_a
Physics and maths in electrical communication
260
_a
_b
Rider
_c
090
_c
673
_d
673
942
_a
NUST-CAE
_c
M
_c
33300
999
_c
236182
_d
236182